书目信息 |
| 题名: |
消防部队安全防事帮论文选集
|
|
| 作者: | 公安部消防局 编 | |
| 分册: | ||
| 出版信息: | 北京 群众出版社 1993 |
|
| 页数: | 233页 | |
| 开本: | 19cm | |
| 丛书名: | ||
| 单 册: | ||
| 中图分类: | D631.6 | |
| 科图分类: | 32.2586 | |
| 主题词: | 英雄模范事迹-消防--中国 , 革命烈士--生平事迹--中国 , 消防-英雄模范事迹--中国 | |
| 电子资源: | ||
| ISBN: | 7-5014-1032-1 | |
| 000 | 00789nam0 2200253 45 | |
| 001 | 0198006150 | |
| 005 | 20070723162049.26 | |
| 010 | @a7-5014-1032-1@dCNY5.00 | |
| 100 | @a19980120d1993 em y0chiy0120 ea | |
| 101 | 0 | @achi |
| 102 | @aCN@b110000 | |
| 102 | @aCN@b110000 | |
| 105 | @af igz 000yd | |
| 200 | 10 | @a消防部队安全防事帮论文选集@Axiao fang bu dui an quan fang shi bang lun wen xuan ji@f公安部消防局编@Fgong an bu xiao fang ju bian |
| 210 | @a北京@c群众出版社@d1993 | |
| 215 | @a233页@d19cm | |
| 606 | @a英雄模范事迹-消防@y中国 | |
| 606 | @a革命烈士@x生平事迹@y中国 | |
| 606 | @a消防-英雄模范事迹@y中国 | |
| 690 | @aD631.6@v3 | |
| 692 | @a32.2586@v2 | |
| 701 | 0 | @a公安部消防局@Agong an bu xiao fang ju@4编 |
| 801 | 0 | @aCN@bTSSF@c20070723 |
| 905 | @a10447@dD631.6@e118 | |
| 消防部队安全防事帮论文选集/公安部消防局编.-北京:群众出版社,1993 |
| 233页;19cm |
| ISBN 7-5014-1032-1:CNY5.00 |
| ● |
| 相关链接 |
|
|
|
|
正题名:消防部队安全防事帮论文选集
索取号:D631.6/118
 
预约/预借
| 序号 | 登录号 | 条形码 | 馆藏地/架位号 | 状态 | 备注 |
| 1 | 0769902 | 207699025 | 第一样本阅览室/ [索取号:D631.6/118] | 在馆 |